Responses for show #7080 - Friday, May 29, 2015

Dan Feitel game 4.

Contestants

Andrew Lasken, a royalties manager from Studio City, California

Autumn Swinford, a major in the U.S. Marine Corps originally from Fredericktown, Missouri

Dan Feitel, an attorney originally from Gillette, New Jersey (whose 3-day cash winnings total $85,598)

Jeopardy! Round responses

EX-MEMBERS OF THE BAND
TOOL TALK
HISTORY
WORLD CAPITAL"IA"
(Alex: I don't know how to pronounce that, but each correct response will contain an "I" and an "A".)
PULL UP A CHAIR
IT'S TIME TO EAT
    $200 2
The Grateful Dead

Dan
    $200 19
(Andrew: What is web page?)

file

Andrew
Triple Stumper
    $200 1
1861

Andrew
    $200 12
Sofia

Andrew
    $200 11
(Andrew: What is wood?)

cardboard

DanAndrew
    $200 24
a pot-luck

Autumn
    $400 6
R.E.M.

Dan
    $400 20
hammer

Autumn
    $400 3
Ireland

Dan
    $400 13
Brasilia

Dan
    $400 17
(Autumn: What is a chaise? Longue?)
[Autumn pronounced the first word as "chayze" (with a hard "ch") and the second as "lounge"]

chaise longue

Autumn
    $600 8
Brian Jones

Andrew
    $600 21
level

Dan
    $1,000 4
(Dan: What is Sarajevo?)

Seoul

Dan
    $600 14
Monrovia

Dan
    $600 18
La-Z-Boy

Andrew
    $600 27
[The end-of-round signal sounds.]

lettuce

Dan
    $800 9
Pete Best

Andrew
    $800 22
(Dan: What is screw?)
[Audience laughter]

chisel

Dan
Triple Stumper
    $800 5
Robespierre

Andrew
    $800 15
Pretoria

Autumn
    $800 25
black bean

Triple Stumper
    $1000 10
The Eagles

Dan
    $1000 23
(Autumn: What is torque?)

wrench

DanAutumn
    $1000 7
Haiti

Autumn
    $1000 16
Nicosia

Dan
    $1000 26
Jell-O

Dan

Scores at the first commercial break (after clue 14):

Dan Autumn Andrew
$2,200 $1,000 $2,400

Scores at the end of the Jeopardy! Round:

Dan Autumn Andrew
$5,600 $1,800 $2,800

Double Jeopardy! Round responses

(Alex: ...a tribute, if you will, to the most common U.S. surname...)
MR. SMITH
NATIVE AMERICAN TRIBES
TV MOVIES
GRAINS
BEOWULF
"YM", NO C-A
    $400 10
(Andrew: What is the Gulf War?)

the Second (Persian) Gulf War

DanAndrew
    $400 25
the Seminoles

Autumn
    $400 1
Stalin

Autumn
    $400 4
rice

Autumn
    $400 15
London

Dan
    $400 20
gymnastics

Autumn
    $4,000 11
(Dan: Uh... what is, uh... "Oh! Susanna"?)

"The Star Spangled Banner"

Dan
    $800 26
(Alex: Less than a minute now.)

the Sioux

Dan
    $800 2
Judy Garland

Autumn
    $800 7
oats

Autumn
    $800 16
Denmark

Dan
    $800 21
lymph nodes

Dan
    $1200 12
tithing

Andrew
    $1200 27
Crow

Andrew
    $1200 3
12 Angry Men

Dan
    $1200 8
barley

Dan
    $1200 17
mead

Andrew
    $1200 22
Olympus

Andrew
    $1600 13
(Autumn: Who is Martha Washington?)

Abigail Adams

Autumn
Triple Stumper
    $400 28
the Colorado (River)

Andrew
    $1600 5
(Dan: Who is Pamela Anderson?)

Dorothy Stratten

Dan
Triple Stumper
    $1600 9
corn (maize)

Triple Stumper
    $1600 18
a dragon

Andrew
    $1600 23
a haymaker

Dan
    $2000 14
Frederick Smith

Triple Stumper
    $2000 6
William H. Macy

Dan
    $2000 29
(Andrew: What is semolina?)
[The end-of-round signal sounds.]

durum

DanAndrew
    $2000 19
Grendel

Andrew
    $2000 24
(Andrew: What is a euphemism?)

an oxymoron

AutumnAndrew

Scores at the end of the Double Jeopardy! Round:

Dan Autumn Andrew
$11,200 $5,400 $7,200

[wagering suggestions for these scores]

Final Jeopardy! Round responses

COLLEGES & UNIVERSITIES
AutumnWhat is NYU
$5,400
AndrewWhat is Cal Tech?
$4,001
DanWhat is Stanfor MIT
$3,201
MIT

Final scores:

Dan Autumn Andrew
$14,401 $0 $3,199
4-day champion: $99,999 3rd place: $1,000 2nd place: $2,000

Game dynamics:

Coryat scores:

Dan Autumn Andrew
$16,200 $5,400 $8,400
22 R,
4 W
(including 2 DDs)
12 R,
2 W
13 R
(including 1 DD),
5 W

Combined Coryat: $30,000

The J! Archive is created by fans, for fans. The Jeopardy! game show and all elements thereof, including but not limited to copyright and trademark thereto, are the property of Jeopardy Productions, Inc. and are protected under law. This website is not affiliated with, sponsored by, or operated by Jeopardy Productions, Inc. Join the discussion at JBoard.tv.